Aprender jugando: preparación para la lectura y escrítura
Guardat en:
| Autors principals: | , |
|---|---|
| Format: | Llibre |
| Idioma: | espanyol |
| Publicat: |
Madrid
Cincel
1985
|
| Col·lecció: | Temas de Educación Preescolar, 10
|
| Matèries: | |
| Etiquetes: |
Afegir etiqueta
Sense etiquetes, Sigues el primer a etiquetar aquest registre!
|
MARC
| LEADER | 00000nam a2200000 a 4500 | ||
|---|---|---|---|
| 001 | UCW4260 | ||
| 003 | CL-VaPUC | ||
| 008 | 891122e19850000SP |||||||||||||||||spa|d | ||
| 082 | 0 | 4 | |a 372.21 |b ERR |2 21 |
| 100 | 0 | |a Errázuriz, Pilar |e author |9 308894 | |
| 700 | 0 | |a Martin, Lilia |e author |9 308895 | |
| 245 | 1 | 0 | |a Aprender jugando: preparación para la lectura y escrítura |
| 300 | |a 115 p | ||
| 942 | |c BK | ||
| 945 | |d 19891122 00:00:00 | ||
| 260 | |a Madrid |b Cincel |c 1985 | ||
| 650 | 0 | |a Educación preescolar |9 260381 | |
| 650 | 0 | |a Jardines infantiles |9 307427 | |
| 583 | |a last modification |c 19891122 00:00:00 |k Rodrigo Vera | ||
| 490 | 0 | |a Temas de Educación Preescolar, 10 | |
| 999 | |c 218033 |d 218031 | ||
| 952 | |0 0 |1 0 |4 0 |6 372_210000000000000_ERR_1985 |7 0 |8 A |9 206853 |a BIBEDU |b BIBEDU |c ES_NOD |d 2019-11-15 |i 2746700 |o 372.21 ERR 1985 |p 2746700 |r 2023-08-09 |w 2019-11-15 |y BK |k EDU | ||